000 00753nam a2200217Ii 4500
003 JO-AjNU
008 230605s9999||||xx |||||||||||||| ||und||
017 _a2006/5/1372
040 _aJO-AjNU
_bara
_erda
_cJO-AjNU
041 _aara
050 1 4 _aHQ755.85 .N5624 2007
100 3 _aنقرش، احمد عبدالقادر,
_eauthor
_917290
245 0 0 _aدراسات في مشكلات الاباء والابناء
250 _aط1
264 3 1 _aعمان: المؤلف، 2007
300 _a151ص
_bيحتوي ببلوغرافية من ص 149-151ص
336 _atext
_btxt
_2rdacontent
337 _aunmediated
_bn
_2rdamedia
338 _avolume
_bnc
_2rdacarrier
650 4 _aالعلاقات الاسرية - الاباء والابناء
_917291
999 _aA5310
_c8878
_d8878